[Event "World Cup 2021"]
[Site "Sochi"]
[Date "2021.07.19"]
[Round "19.6"]
[White "Mamedyarov Shakhriyar (AZE)"]
[Black "Martirosyan Haik M. (ARM)"]
[Result "1-0"]
[WhiteElo "2782"]
[BlackElo "2632"]
[Annotator ""]
[Source ""]
[Remark ""]

1.c4 {[%clk 1:30:58]} e5 {[%clk 1:30:41]} 2.Nc3 {[%clk 1:31:21]}
Nf6 {[%clk 1:30:53]} 3.Nf3 {[%clk 1:31:44]} Nc6 {[%clk 1:31:03]}
4.e3 {[%clk 1:32:08]} Bb4 {[%clk 1:30:51]} 5.Qc2 {[%clk 1:32:32]}
Bxc3 {[%clk 1:30:33]} 6.Qxc3 {[%clk 1:32:59]} Qe7 {[%clk 1:30:49]}
7.d4 {[%clk 1:33:23]} Ne4 {[%clk 1:30:20]} 8.Qd3 {[%clk 1:33:44]}
exd4 {[%clk 1:30:32]} 9.Nxd4 {[%clk 1:34:07]} Nc5 {[%clk 1:30:16]}
10.Qd1 {[%clk 1:34:22]} Nxd4 {[%clk 1:30:34]} 11.Qxd4 {[%clk 1:34:46]}
O-O {[%clk 1:30:19]} 12.b3 {[%clk 1:35:10]} b6 {[%clk 1:28:55]}
13.Bb2 {[%clk 1:35:17]} f5 {[%clk 1:28:48]} 14.Qd5+ {[%clk 1:34:42]}
Kh8 {[%clk 1:29:02]} 15.Qe5 {[%clk 1:31:51]} Qxe5 {[%clk 1:27:29]}
16.Bxe5 {[%clk 1:32:16]} d6 {[%clk 1:27:43]} 17.Bd4 {[%clk 1:32:20]}
a5 {[%clk 1:24:17]} 18.f3 {[%clk 1:32:16]} Bd7 {[%clk 1:23:38]}
19.h4 {[%clk 1:30:38]} Rae8 {[%clk 1:21:03]} 20.h5 {[%clk 1:23:41]}
h6 {[%clk 1:18:28]} 21.Kd2 {[%clk 1:15:21]} Re7 {[%clk 1:17:03]}
22.Be2 {[%clk 1:12:58]} Rfe8 {[%clk 1:14:09]} 23.Rae1 {[%clk 1:09:31]}
a4 {[%clk 1:04:40]} 24.b4 {[%clk 1:06:20]} Na6 {[%clk 1:03:23]}
25.b5 {[%clk 1:06:27]} Nc5 {[%clk 1:03:02]} 26.Rh4 {[%clk 0:44:41]}
a3 {[%clk 0:58:01]} 27.Bd1 {[%clk 0:40:39]} Be6 {[%clk 0:48:52]}
28.Bc2 {[%clk 0:39:24]} Nd7 {[%clk 0:42:35]} 29.Kc3 {[%clk 0:38:20]}
Ne5 {[%clk 0:42:31]} 30.Bb3 {[%clk 0:31:40]} Bf7 {[%clk 0:39:46]}
31.Reh1 {[%clk 0:28:10]} Rc8 {[%clk 0:37:06]} 32.Rf4 {[%clk 0:15:03]}
c6 {[%clk 0:34:09]} 33.bxc6 {[%clk 0:14:07]} Rxc6 {[%clk 0:33:30]}
34.Bxe5 {[%clk 0:11:25]} Rxe5 {[%clk 0:32:55]} 35.Kb4 {[%clk 0:11:54]}
Kg8 {[%clk 0:26:05]} 36.Rd1 {[%clk 0:09:40]} Kf8 {[%clk 0:09:48]}
37.Ba4 {[%clk 0:08:51]} Rc7 {[%clk 0:09:43]} 38.Rxd6 {[%clk 0:08:48]}
Rb7 {[%clk 0:07:11]} 39.Bc6 {[%clk 0:02:59]} Ke7 {[%clk 0:05:26]}
40.Rfd4 {[%clk 0:01:33]} Rc7 {[%clk 0:03:14]} 41.Rd7+ {[%clk 0:00:51]}
Rxd7 {[%clk 0:03:38]} 42.Rxd7+ {[%clk 0:01:18]} Kf8 {[%clk 0:02:43]}
43.Rd8+ {[%clk 0:25:25]} Ke7 {[%clk 0:32:51]} 44.Rd7+ {[%clk 0:25:54]}
Kf8 {[%clk 0:33:07]} 45.Rd3 {[%clk 0:21:06]} Bxc4 {[%clk 0:25:47]}
46.Kxc4 {[%clk 0:21:30]} Rc5+ {[%clk 0:26:13]} 47.Kb3 {[%clk 0:21:57]}
Rxc6 {[%clk 0:26:37]} 48.Rd5 {[%clk 0:22:25]} Rf6 {[%clk 0:21:58]}
49.Kxa3 {[%clk 0:22:36]} g6 {[%clk 0:21:34]} 50.hxg6 {[%clk 0:21:48]}
Kg7 {[%clk 0:22:01]} 51.Kb4 {[%clk 0:19:50]} Rxg6 {[%clk 0:19:33]}
52.Rd7+ {[%clk 0:18:51]} Kg8 {[%clk 0:19:45]} 53.Rd2 {[%clk 0:19:16]}
Kg7 {[%clk 0:19:53]} 54.Kb5 {[%clk 0:19:21]} h5 {[%clk 0:20:01]}
55.Rc2 {[%clk 0:18:36]} Kf7 {[%clk 0:16:57]} 56.a4 {[%clk 0:17:44]}
Kg7 {[%clk 0:16:51]} 57.Ka6 {[%clk 0:15:23]} Kf7 {[%clk 0:15:39]}
58.Kb7 {[%clk 0:15:38]} Kg7 {[%clk 0:15:42]} 59.Rb2 {[%clk 0:14:37]}
Kh7 {[%clk 0:14:23]} 60.Kc7 {[%clk 0:08:49]} Kg7 {[%clk 0:14:27]}
61.Rd2 {[%clk 0:08:38]} Kf7 {[%clk 0:13:03]} 62.Kd7 {[%clk 0:03:43]}
Rg8 {[%clk 0:11:30]} 63.Kc6 {[%clk 0:03:23]} Rg6+ {[%clk 0:11:40]}
64.Kb5 {[%clk 0:03:19]} Kg7 {[%clk 0:10:32]} 65.Ka6 {[%clk 0:03:17]}
Kf7 {[%clk 0:07:55]} 66.Kb7 {[%clk 0:03:11]} Kg7 {[%clk 0:07:36]}
67.Kc7 {[%clk 0:03:11]} Kf7 {[%clk 0:07:06]} 68.Rd7+ {[%clk 0:03:28]}
Kg8 {[%clk 0:07:01]} 69.Rd5 {[%clk 0:03:53]} f4 {[%clk 0:06:02]}
70.e4 {[%clk 0:01:12]} Rxg2 {[%clk 0:06:26]} 71.Kxb6 {[%clk 0:01:21]}
h4 {[%clk 0:05:18]} 72.a5 {[%clk 0:01:01]} Rb2+ {[%clk 0:02:36]}
73.Kc6 {[%clk 0:00:37]} h3 {[%clk 0:01:58]} 74.Rh5 {[%clk 0:00:54]}
h2 {[%clk 0:02:15]} 75.a6 {[%clk 0:00:42]} Ra2 {[%clk 0:02:36]}
76.Kb6 {[%clk 0:01:06]} Kg7 {[%clk 0:02:27]} 77.a7 {[%clk 0:01:22]}
Rb2+ {[%clk 0:02:46]} 78.Kc5 {[%clk 0:01:27]} Ra2 {[%clk 0:02:24]}
79.Rxh2 {[%clk 0:01:46]} Rxa7 {[%clk 0:02:50]} 80.Rh4 {[%clk 0:02:10]}
Kf6 {[%clk 0:01:10]} 81.Rxf4+ {[%clk 0:02:35]} Ke6 {[%clk 0:01:37]}
82.Kd4 {[%clk 0:02:48]} Ra3 {[%clk 0:01:33]} 83.Rf5 {[%clk 0:03:09]}
Rb3 {[%clk 0:01:52]} 84.f4 {[%clk 0:03:20]} Rb4+ {[%clk 0:02:03]}
85.Ke3 {[%clk 0:03:45]} Rb3+ {[%clk 0:02:29]} 86.Ke2 {[%clk 0:04:02]}
Kd5 1-0

[Event "World Cup 2021"]
[Site "Sochi"]
[Date "2021.07.19"]
[Round "19.12"]
[White "Duda Jan-Krzysztof (POL)"]
[Black "Sevian Samuel (USA)"]
[Result "1-0"]
[WhiteElo "2738"]
[BlackElo "2647"]
[Annotator ""]
[Source ""]
[Remark ""]

1.d4 {[%clk 1:30:57]} Nf6 {[%clk 1:30:51]} 2.c4 {[%clk 1:31:21]}
e6 {[%clk 1:31:13]} 3.Nc3 {[%clk 1:31:45]} Bb4 {[%clk 1:31:34]}
4.Qc2 {[%clk 1:32:10]} d5 {[%clk 1:31:53]} 5.a3 {[%clk 1:32:34]}
Bxc3+ {[%clk 1:32:11]} 6.Qxc3 {[%clk 1:32:58]} O-O {[%clk 1:30:10]}
7.Nf3 {[%clk 1:32:48]} dxc4 {[%clk 1:30:24]} 8.Qxc4 {[%clk 1:33:10]}
b6 {[%clk 1:30:44]} 9.Bg5 {[%clk 1:33:34]} Ba6 {[%clk 1:21:37]}
10.Qa4 {[%clk 1:33:40]} Qd7 {[%clk 1:21:59]} 11.Qc2 {[%clk 1:30:45]}
c5 {[%clk 1:22:18]} 12.dxc5 {[%clk 1:24:28]} Rc8 {[%clk 1:22:29]}
13.Bxf6 {[%clk 1:19:00]} gxf6 {[%clk 1:22:43]} 14.Rd1 {[%clk 1:19:08]}
Qb5 {[%clk 1:06:08]} 15.h4 {[%clk 0:58:56]} Qxc5 {[%clk 0:55:09]}
16.Qxc5 {[%clk 0:57:40]} bxc5 {[%clk 0:52:16]} 17.Nd2 {[%clk 0:57:25]}
Kf8 {[%clk 0:51:34]} 18.Rh3 {[%clk 0:56:45]} Nd7 {[%clk 0:47:31]}
19.Rc3 {[%clk 0:53:45]} Rab8 {[%clk 0:45:29]} 20.b3 {[%clk 0:51:17]}
Ke7 {[%clk 0:38:41]} 21.e4 {[%clk 0:46:26]} Rc6 {[%clk 0:30:17]}
22.Bc4 {[%clk 0:31:43]} Rcb6 {[%clk 0:28:27]} 23.Ke2 {[%clk 0:28:26]}
Bxc4+ {[%clk 0:19:31]} 24.Rxc4 {[%clk 0:28:35]} Ra6 {[%clk 0:19:51]}
25.Ra1 {[%clk 0:28:13]} Rg8 {[%clk 0:19:06]} 26.g3 {[%clk 0:28:09]}
Rb8 {[%clk 0:19:07]} 27.Rc3 {[%clk 0:28:15]} Rab6 {[%clk 0:19:12]}
28.Kd1 {[%clk 0:26:05]} Rb5 {[%clk 0:15:29]} 29.Kc2 {[%clk 0:22:29]}
Ne5 {[%clk 0:13:55]} 30.a4 {[%clk 0:19:50]} Ra5 {[%clk 0:11:40]}
31.Nc4 {[%clk 0:19:03]} Nxc4 {[%clk 0:12:01]} 32.Rxc4 {[%clk 0:19:28]}
Rd8 {[%clk 0:12:16]} 33.Re1 {[%clk 0:18:23]} Rd7 {[%clk 0:11:21]}
34.Re3 {[%clk 0:15:13]} Rd4 {[%clk 0:10:57]} 35.Rec3 {[%clk 0:10:02]}
Kd6 {[%clk 0:05:49]} 36.Rd3 {[%clk 0:03:18]} Rxd3 {[%clk 0:04:48]}
37.Kxd3 {[%clk 0:03:43]} Ra6 {[%clk 0:05:14]} 38.b4 {[%clk 0:03:12]}
cxb4 {[%clk 0:05:32]} 39.Rxb4 {[%clk 0:03:38]} Kc7 {[%clk 0:04:23]}
40.Rb5 {[%clk 0:03:39]} e5 {[%clk 0:00:36]} 41.a5 {[%clk 0:23:31]}
Rd6+ {[%clk 0:30:57]} 42.Ke3 {[%clk 0:23:12]} a6 {[%clk 0:12:10]}
43.Rb3 {[%clk 0:21:36]} Rc6 {[%clk 0:11:10]} 44.Kf3 {[%clk 0:21:29]}
Rc4 {[%clk 0:10:13]} 45.Rb6 {[%clk 0:20:33]} Rc6 {[%clk 0:10:35]}
46.Rxc6+ {[%clk 0:16:14]} Kxc6 {[%clk 0:11:00]} 47.Kg4 {[%clk 0:16:40]}
Kb5 {[%clk 0:11:13]} 48.Kh5 {[%clk 0:17:03]} Kxa5 {[%clk 0:11:33]}
49.Kh6 {[%clk 0:17:29]} Kb5 {[%clk 0:09:18]} 50.Kxh7 {[%clk 0:17:46]}
a5 {[%clk 0:09:45]} 51.h5 {[%clk 0:18:06]} a4 {[%clk 0:10:12]}
52.h6 {[%clk 0:18:29]} a3 {[%clk 0:10:38]} 53.Kg7 {[%clk 0:18:48]}
a2 {[%clk 0:11:04]} 54.h7 {[%clk 0:19:13]} a1Q {[%clk 0:11:29]}
55.h8Q {[%clk 0:19:35]} Qe1 {[%clk 0:11:30]} 56.Qe8+ {[%clk 0:16:44]}
Kc5 {[%clk 0:10:52]} 57.Qa4 {[%clk 0:13:22]} Qe2 {[%clk 0:09:22]}
58.Qa7+ {[%clk 0:11:15]} Kd6 {[%clk 0:06:18]} 59.Qb6+ {[%clk 0:11:38]}
Kd7 {[%clk 0:06:43]} 60.Qb7+ {[%clk 0:11:42]} Kd8 {[%clk 0:07:09]}
61.Qd5+ {[%clk 0:10:51]} Kc8 {[%clk 0:07:29]} 62.Qc6+ {[%clk 0:11:16]}
Kb8 {[%clk 0:07:54]} 63.Qe8+ {[%clk 0:11:38]} Kc7 {[%clk 0:08:10]}
64.Qxf7+ {[%clk 0:12:03]} Kb8 {[%clk 0:08:19]} 65.Qe8+ {[%clk 0:12:26]}
Kc7 {[%clk 0:08:31]} 66.Qe7+ {[%clk 0:12:53]} Kc8 {[%clk 0:08:27]}
67.Qe6+ {[%clk 0:13:18]} Kc7 {[%clk 0:08:38]} 68.Qf5 {[%clk 0:13:43]}
Qd3 {[%clk 0:08:01]} 69.Kxf6 {[%clk 0:13:35]} Qd8+ {[%clk 0:08:19]}
70.Kg7 {[%clk 0:13:50]} Qd4 {[%clk 0:07:37]} 71.g4 {[%clk 0:13:47]}
Kb6 {[%clk 0:07:21]} 72.g5 {[%clk 0:14:05]} Ka5 {[%clk 0:07:44]}
73.f4 {[%clk 0:14:01]} Ka4 {[%clk 0:07:50]} 74.Qxe5 {[%clk 0:14:13]}
Qd7+ {[%clk 0:08:15]} 75.Kh6 {[%clk 0:14:23]} Qh3+ {[%clk 0:08:26]}
76.Kg6 {[%clk 0:14:48]} Qc8 {[%clk 0:08:50]} 77.Qd4+ {[%clk 0:14:18]}
Ka3 {[%clk 0:08:44]} 78.Qa7+ {[%clk 0:13:34]} Kb2 {[%clk 0:09:03]}
79.Kg7 {[%clk 0:13:58]} Qe6 {[%clk 0:09:05]} 80.e5 {[%clk 0:14:22]} 1-0

[Event "World Cup 2021"]
[Site "Sochi"]
[Date "2021.07.19"]
[Round "19.26"]
[White "Krasenkow Michal (POL)"]
[Black "Praggnanandhaa R (IND)"]
[Result "1-0"]
[WhiteElo "2591"]
[BlackElo "2608"]
[Annotator ""]
[Source ""]
[Remark ""]

1.Nf3 {[%clk 1:30:56]} d5 {[%clk 1:30:30]} 2.d4 {[%clk 1:31:20]}
Nf6 {[%clk 1:30:54]} 3.c4 {[%clk 1:31:45]} dxc4 {[%clk 1:31:20]}
4.Nc3 {[%clk 1:31:03]} a6 {[%clk 1:30:51]} 5.e4 {[%clk 1:31:19]}
b5 {[%clk 1:31:06]} 6.e5 {[%clk 1:31:46]} Nd5 {[%clk 1:31:31]}
7.a4 {[%clk 1:32:12]} e6 {[%clk 1:28:31]} 8.axb5 {[%clk 1:32:31]}
Bb4 {[%clk 1:28:12]} 9.Qc2 {[%clk 1:31:58]} Nb6 {[%clk 1:21:53]}
10.Qe4 {[%clk 1:30:26]} Qd5 {[%clk 1:10:41]} 11.Qg4 {[%clk 1:30:42]}
axb5 {[%clk 1:07:40]} 12.Rxa8 {[%clk 1:30:33]} Qxa8 {[%clk 1:07:26]}
13.Qxg7 {[%clk 1:30:48]} Bxc3+ {[%clk 1:02:59]} 14.bxc3 {[%clk 1:31:11]}
Qa1 {[%clk 1:03:08]} 15.Qxh8+ {[%clk 1:30:25]} Kd7 {[%clk 1:03:33]}
16.Be2 {[%clk 1:16:11]} Qxc1+ {[%clk 1:00:15]} 17.Bd1 {[%clk 1:16:33]}
Qxc3+ {[%clk 0:45:56]} 18.Nd2 {[%clk 1:16:44]} Nc6 {[%clk 0:43:09]}
19.Qxh7 {[%clk 1:13:37]} Nxd4 {[%clk 0:42:06]} 20.Qxf7+ {[%clk 1:11:14]}
Kc6 {[%clk 0:42:11]} 21.Qf4 {[%clk 1:05:30]} Nd5 {[%clk 0:37:17]}
22.Qe4 {[%clk 1:03:53]} Kc5 {[%clk 0:30:06]} 23.h4 {[%clk 1:01:47]}
Bb7 {[%clk 0:19:18]} 24.h5 {[%clk 0:59:06]} Nb4 {[%clk 0:17:47]}
25.O-O {[%clk 0:59:12]} Qxd2 {[%clk 0:12:42]} 26.Qxb7 {[%clk 0:59:13]}
Nd5 {[%clk 0:12:58]} 27.h6 {[%clk 0:58:36]} c3 {[%clk 0:09:17]}
28.h7 {[%clk 0:48:37]} Qh6 {[%clk 0:09:00]} 29.Qa7+ {[%clk 0:47:17]}
Kc4 {[%clk 0:09:22]} 30.Bg4 {[%clk 0:37:54]} c2 {[%clk 0:04:31]}
31.Qa2+ {[%clk 0:36:27]} Kb4 {[%clk 0:04:49]} 32.Qb2+ {[%clk 0:18:49]}
Kc4 {[%clk 0:05:15]} 33.Re1 {[%clk 0:13:17]} Nf4 {[%clk 0:03:29]}
34.h8Q {[%clk 0:10:12]} Qxh8 {[%clk 0:01:56]} 35.Re4 {[%clk 0:10:13]}
c5 {[%clk 0:01:16]} 36.Rxf4 {[%clk 0:09:37]} Qxe5 {[%clk 0:01:40]}
37.Qxc2+ {[%clk 0:09:26]} Kd5 {[%clk 0:02:06]} 38.Qd2 {[%clk 0:08:31]}
c4 {[%clk 0:02:17]} 39.Rxd4+ {[%clk 0:07:10]} Qxd4 {[%clk 0:02:40]}
40.Bxe6+ {[%clk 0:07:36]} Kc5 {[%clk 0:02:56]} 41.Qxd4+ {[%clk 0:07:44]}
Kxd4 {[%clk 0:03:22]} 42.g4 {[%clk 0:06:42]} Ke5 {[%clk 0:28:57]}
43.Bf7 {[%clk 0:36:42]} Kf4 {[%clk 0:28:18]} 44.f3 {[%clk 0:37:05]} 1-0

[Event "World Cup 2021"]
[Site "Sochi"]
[Date "2021.07.20"]
[Round "20.4"]
[White "Vakhidov Jakhongir (UZB)"]
[Black "Ponkratov Pavel (RUS)"]
[Result "0-1"]
[WhiteElo "2534"]
[BlackElo "2629"]
[Annotator ""]
[Source ""]
[Remark ""]

1.c4 {[%clk 0:25:17]} Nf6 {[%clk 0:25:19]} 2.Nc3 {[%clk 0:25:25]}
e5 {[%clk 0:25:25]} 3.Nf3 {[%clk 0:25:31]} Nc6 {[%clk 0:25:33]}
4.e4 {[%clk 0:25:39]} Bb4 {[%clk 0:25:33]} 5.d3 {[%clk 0:25:48]}
d6 {[%clk 0:25:40]} 6.a3 {[%clk 0:25:56]} Bxc3+ {[%clk 0:25:46]}
7.bxc3 {[%clk 0:26:05]} O-O {[%clk 0:25:47]} 8.g3 {[%clk 0:26:11]}
Nd7 {[%clk 0:25:52]} 9.Bg2 {[%clk 0:26:17]} a6 {[%clk 0:26:00]}
10.a4 {[%clk 0:26:22]} Nc5 {[%clk 0:26:08]} 11.Nh4 {[%clk 0:26:29]}
Na5 {[%clk 0:26:14]} 12.Be3 {[%clk 0:26:19]} Bd7 {[%clk 0:26:20]}
13.O-O {[%clk 0:25:39]} b5 {[%clk 0:26:22]} 14.axb5 {[%clk 0:24:16]}
axb5 {[%clk 0:26:30]} 15.cxb5 {[%clk 0:24:16]} Bxb5 {[%clk 0:26:38]}
16.c4 {[%clk 0:22:44]} Bd7 {[%clk 0:26:46]} 17.Nf5 {[%clk 0:20:27]}
Kh8 {[%clk 0:25:57]} 18.f4 {[%clk 0:19:47]} exf4 {[%clk 0:24:16]}
19.Rxf4 {[%clk 0:19:26]} Nc6 {[%clk 0:22:22]} 20.Rxa8 {[%clk 0:17:11]}
Qxa8 {[%clk 0:22:30]} 21.d4 {[%clk 0:16:53]} Qa3 {[%clk 0:21:39]}
22.Bc1 {[%clk 0:09:03]} Qd3 {[%clk 0:20:38]} 23.Qh5 {[%clk 0:05:22]}
Bxf5 {[%clk 0:19:30]} 24.exf5 {[%clk 0:05:10]} Nxd4 {[%clk 0:18:57]}
25.Bf1 {[%clk 0:04:49]} Qc3 {[%clk 0:18:12]} 26.f6 {[%clk 0:03:25]}
g6 {[%clk 0:16:10]} 27.Qh6 {[%clk 0:02:35]} Nce6 {[%clk 0:16:19]}
28.Rf2 {[%clk 0:02:31]} Nf5 {[%clk 0:15:59]} 29.Qd2 {[%clk 0:01:49]}
Qxd2 {[%clk 0:16:03]} 30.Bxd2 {[%clk 0:01:46]} h5 {[%clk 0:16:12]}
31.Bd3 {[%clk 0:01:25]} Nfd4 {[%clk 0:15:50]} 32.Be4 {[%clk 0:00:29]}
Rb8 {[%clk 0:15:47]} 33.Kg2 {[%clk 0:00:20]} Kg8 {[%clk 0:15:34]}
34.h3 {[%clk 0:00:14]} Nc5 {[%clk 0:15:33]} 35.Bxg6 {[%clk 0:00:14]}
fxg6 {[%clk 0:15:35]} 36.f7+ {[%clk 0:00:22]} Kg7 {[%clk 0:15:44]}
37.f8Q+ {[%clk 0:00:18]} Rxf8 {[%clk 0:15:53]} 38.Bh6+ {[%clk 0:00:27]}
Kxh6 {[%clk 0:16:01]} 39.Rxf8 {[%clk 0:00:36]} Kg7 {[%clk 0:16:08]}
40.Rf1 {[%clk 0:00:41]} Nd7 {[%clk 0:16:08]} 41.Ra1 {[%clk 0:00:47]}
Kf6 {[%clk 0:16:11]} 42.Ra7 {[%clk 0:00:54]} Ne6 {[%clk 0:16:20]} 0-1

[Event "World Cup 2021"]
[Site "Sochi"]
[Date "2021.07.20"]
[Round "20.10"]
[White "Amin Bassem (EGY)"]
[Black "Bacrot Etienne (FRA)"]
[Result "1/2-1/2"]
[WhiteElo "2703"]
[BlackElo "2678"]
[Annotator ""]
[Source ""]
[Remark ""]

1.e4 {[%clk 0:25:16]} c5 {[%clk 0:25:15]} 2.Nf3 {[%clk 0:25:24]}
d6 {[%clk 0:25:23]} 3.g3 {[%clk 0:25:21]} Nc6 {[%clk 0:25:30]}
4.Bg2 {[%clk 0:25:29]} Nf6 {[%clk 0:25:39]} 5.d3 {[%clk 0:25:34]}
g6 {[%clk 0:25:45]} 6.O-O {[%clk 0:25:42]} Bg7 {[%clk 0:25:53]}
7.Re1 {[%clk 0:25:37]} O-O {[%clk 0:25:56]} 8.c3 {[%clk 0:25:28]}
e5 {[%clk 0:25:32]} 9.a4 {[%clk 0:23:58]} h6 {[%clk 0:24:23]}
10.Na3 {[%clk 0:23:58]} Be6 {[%clk 0:24:31]} 11.Bd2 {[%clk 0:20:59]}
Rc8 {[%clk 0:20:05]} 12.b4 {[%clk 0:20:14]} cxb4 {[%clk 0:19:44]}
13.cxb4 {[%clk 0:20:22]} d5 {[%clk 0:19:53]} 14.b5 {[%clk 0:19:20]}
dxe4 {[%clk 0:16:40]} 15.bxc6 {[%clk 0:18:17]} exf3 {[%clk 0:16:46]}
16.cxb7 {[%clk 0:18:15]} fxg2 {[%clk 0:16:30]} 17.bxc8Q {[%clk 0:17:57]}
Bxc8 {[%clk 0:16:37]} 18.Nc4 {[%clk 0:14:10]} Ng4 {[%clk 0:13:05]}
19.Ne3 {[%clk 0:11:18]} Nxe3 {[%clk 0:10:38]} 20.Bxe3 {[%clk 0:11:19]}
Qd7 {[%clk 0:10:47]} 21.Rc1 {[%clk 0:09:14]} Ba6 {[%clk 0:10:22]}
22.Qd2 {[%clk 0:08:42]} Kh7 {[%clk 0:09:38]} 23.Qa5 {[%clk 0:06:56]}
Qxd3 {[%clk 0:09:11]} 24.Red1 {[%clk 0:06:03]} Qe2 {[%clk 0:09:18]}
25.Qd2 {[%clk 0:05:47]} Qg4 {[%clk 0:08:40]} 26.Qd7 {[%clk 0:05:38]}
Qf3 {[%clk 0:05:44]} 27.Qc6 {[%clk 0:05:41]} Qxc6 {[%clk 0:03:42]}
28.Rxc6 {[%clk 0:05:50]} Bb7 {[%clk 0:03:51]} 29.Rc7 {[%clk 0:05:49]}
Bf3 {[%clk 0:03:59]} 30.Rdc1 {[%clk 0:05:32]} f5 {[%clk 0:03:10]}
31.Rd7 {[%clk 0:03:59]} a6 {[%clk 0:03:11]} 32.Rcc7 {[%clk 0:03:40]}
Rg8 {[%clk 0:03:20]} 33.Bc5 {[%clk 0:03:25]} Kh8 {[%clk 0:02:58]}
34.a5 {[%clk 0:02:43]} Rb8 {[%clk 0:02:30]} 35.Bb6 {[%clk 0:02:50]}
Bf8 {[%clk 0:02:36]} 36.Rc3 {[%clk 0:02:45]} e4 {[%clk 0:02:17]}
37.h3 {[%clk 0:02:32]} Bg7 {[%clk 0:01:15]} 38.Rcc7 {[%clk 0:02:17]}
Be5 {[%clk 0:01:24]} 39.Rc5 {[%clk 0:01:27]} Bg7 {[%clk 0:01:32]}
40.Kh2 {[%clk 0:00:51]} h5 {[%clk 0:00:35]} 41.Rcc7 {[%clk 0:00:24]}
Be5 {[%clk 0:00:38]} 42.Rc5 {[%clk 0:00:32]} Bg7 {[%clk 0:00:47]}
43.h4 {[%clk 0:00:26]} f4 {[%clk 0:00:53]} 44.Rg5 {[%clk 0:00:15]}
Rc8 {[%clk 0:00:49]} 45.gxf4 {[%clk 0:00:12]} Rc1 {[%clk 0:00:56]}
46.Rxg2 {[%clk 0:00:16]} Bxg2 {[%clk 0:00:54]} 47.Kxg2 {[%clk 0:00:25]}
Bh6 {[%clk 0:01:03]} 48.Be3 {[%clk 0:00:24]} Rc6 {[%clk 0:01:09]}
49.Rb7 {[%clk 0:00:22]} Bg7 {[%clk 0:01:09]} 50.Rb6 {[%clk 0:00:24]}
Rf6 {[%clk 0:01:17]} 51.Bd4 {[%clk 0:00:16]} Rf7 {[%clk 0:01:26]}
52.Be3 {[%clk 0:00:17]} Rf6 {[%clk 0:01:35]} 53.Rb7 {[%clk 0:00:16]}
Rf5 {[%clk 0:01:39]} 54.Bb6 {[%clk 0:00:13]} Bc3 {[%clk 0:01:32]}
55.Kg3 {[%clk 0:00:16]} Kg8 {[%clk 0:01:17]} 56.Ra7 {[%clk 0:00:13]}
Bxa5 {[%clk 0:01:22]} 57.Bd4 {[%clk 0:00:22]} Bd2 {[%clk 0:01:25]}
58.Be5 {[%clk 0:00:26]} a5 {[%clk 0:01:14]} 59.Rg7+ {[%clk 0:00:34]}
Kf8 {[%clk 0:01:23]} 60.Rxg6 {[%clk 0:00:42]} Ke7 {[%clk 0:01:13]}
61.Rd6 {[%clk 0:00:43]} Bxf4+ {[%clk 0:00:57]} 62.Bxf4 {[%clk 0:00:50]}
Rxf4 {[%clk 0:01:06]} 63.Rd5 {[%clk 0:00:54]} Rg4+ {[%clk 0:01:11]}
64.Kh3 {[%clk 0:01:02]} Rf4 {[%clk 0:01:16]} 65.Kg3 {[%clk 0:00:26]} 1/2-1/2

[Event "World Cup 2021"]
[Site "Sochi"]
[Date "2021.07.20"]
[Round "20.12"]
[White "Shankland Sam (USA)"]
[Black "Areshchenko Alexander (UKR)"]
[Result "1/2-1/2"]
[WhiteElo "2709"]
[BlackElo "2687"]
[Annotator ""]
[Source ""]
[Remark ""]

1.e4 {[%clk 0:25:18]} e5 {[%clk 0:25:19]} 2.Nf3 {[%clk 0:25:27]}
Nc6 {[%clk 0:25:27]} 3.d4 {[%clk 0:25:36]} exd4 {[%clk 0:25:36]}
4.Nxd4 {[%clk 0:25:46]} Qf6 {[%clk 0:25:44]} 5.Nf3 {[%clk 0:25:55]}
Bb4+ {[%clk 0:25:30]} 6.c3 {[%clk 0:26:03]} Bc5 {[%clk 0:25:30]}
7.Be2 {[%clk 0:26:11]} Nge7 {[%clk 0:25:12]} 8.O-O {[%clk 0:26:14]}
d6 {[%clk 0:25:02]} 9.Bg5 {[%clk 0:25:41]} Qg6 {[%clk 0:24:12]}
10.b4 {[%clk 0:25:38]} Bb6 {[%clk 0:24:15]} 11.Bh4 {[%clk 0:25:47]}
a6 {[%clk 0:21:46]} 12.Nbd2 {[%clk 0:24:44]} O-O {[%clk 0:17:33]}
13.a4 {[%clk 0:23:56]} Bh3 {[%clk 0:16:21]} 14.Ne1 {[%clk 0:21:06]}
f6 {[%clk 0:11:31]} 15.Bg3 {[%clk 0:19:07]} Be6 {[%clk 0:11:25]}
16.Nd3 {[%clk 0:19:01]} Qe8 {[%clk 0:11:10]} 17.Nf4 {[%clk 0:18:06]}
Bf7 {[%clk 0:11:16]} 18.Bc4 {[%clk 0:17:40]} Ne5 {[%clk 0:11:17]}
19.Bb3 {[%clk 0:17:39]} Kh8 {[%clk 0:07:44]} 20.Ne6 {[%clk 0:15:30]}
Bxe6 {[%clk 0:07:52]} 21.Bxe6 {[%clk 0:15:38]} Qg6 {[%clk 0:07:26]}
22.Kh1 {[%clk 0:14:24]} f5 {[%clk 0:07:30]} 23.exf5 {[%clk 0:14:33]}
Nxf5 {[%clk 0:07:38]} 24.Bxf5 {[%clk 0:14:42]} Qxf5 {[%clk 0:06:26]}
25.f3 {[%clk 0:13:41]} Rae8 {[%clk 0:06:02]} 26.Bxe5 {[%clk 0:12:36]}
Qxe5 {[%clk 0:06:06]} 27.Nc4 {[%clk 0:12:39]} Qxc3 {[%clk 0:06:10]}
28.Nxb6 {[%clk 0:12:48]} cxb6 {[%clk 0:06:18]} 29.Qxd6 {[%clk 0:12:52]}
Rf6 {[%clk 0:03:44]} 30.Qd7 {[%clk 0:12:51]} Rfe6 {[%clk 0:03:34]}
31.Rad1 {[%clk 0:09:39]} Qc6 {[%clk 0:01:54]} 32.h3 {[%clk 0:08:52]}
h6 {[%clk 0:02:03]} 33.b5 {[%clk 0:07:18]} axb5 {[%clk 0:02:10]}
34.axb5 {[%clk 0:07:28]} Qxd7 {[%clk 0:02:13]} 35.Rxd7 {[%clk 0:07:37]}
Re5 {[%clk 0:02:22]} 36.Rxb7 {[%clk 0:07:22]} Rxb5 {[%clk 0:02:30]}
37.Rf2 {[%clk 0:07:31]} Re6 {[%clk 0:02:12]} 38.Kh2 {[%clk 0:06:13]}
h5 {[%clk 0:02:06]} 39.h4 {[%clk 0:05:57]} Kh7 {[%clk 0:02:09]}
40.Rd2 {[%clk 0:06:01]} Rg6 {[%clk 0:01:56]} 41.Rb8 {[%clk 0:05:12]}
Rb4 {[%clk 0:01:57]} 42.g3 {[%clk 0:05:07]} Rb3 {[%clk 0:02:03]}
43.Rd5 {[%clk 0:04:45]} Rxf3 {[%clk 0:01:43]} 44.Rxh5+ {[%clk 0:04:54]}
Rh6 {[%clk 0:01:52]} 45.Rxh6+ {[%clk 0:04:40]} gxh6 {[%clk 0:01:13]}
46.Rb7+ {[%clk 0:04:49]} Kg6 {[%clk 0:01:21]} 47.Rxb6+ {[%clk 0:04:56]}
Kg7 {[%clk 0:01:19]} 48.h5 {[%clk 0:04:53]} Rf5 {[%clk 0:01:19]}
49.g4 {[%clk 0:04:55]} Rf3 {[%clk 0:01:22]} 50.Kg2 {[%clk 0:05:02]}
Ra3 {[%clk 0:01:18]} 51.Rg6+ {[%clk 0:05:10]} Kh7 {[%clk 0:01:27]}
52.Rf6 {[%clk 0:05:19]} Kg7 {[%clk 0:01:35]} 53.Rf3 {[%clk 0:05:26]}
Rxf3 {[%clk 0:00:59]} 54.Kxf3 {[%clk 0:05:35]} Kf7 {[%clk 0:01:02]}
55.Kf2 {[%clk 0:05:40]} Kf6 {[%clk 0:01:08]} 56.Ke3 {[%clk 0:05:49]}
Ke7 {[%clk 0:01:01]} 57.Kd4 {[%clk 0:05:48]} Kf6 {[%clk 0:01:08]}
58.Ke4 Ke5 1/2-1/2